MARC

LEADER 00000nam0a2200000 4500
001 292110
005 20231102000449.0
035 |a (RuTPU)RU\TPU\book\316723 
090 |a 292110 
100 |a 20150420d1972 k y0rusy50 ca 
101 0 |a rus 
102 |a RU 
105 |a a z 001zy 
200 1 |a Сжигание углей Канско-Ачинского бассейна  |e [сборник]  |f Томский политехнический институт (ТПИ) ред. И. К. Лебедев 
210 |a Томск  |c Изд-во ТПИ  |d 1972 
215 |a 141 с.  |c ил. 
320 |a Библиография в конце статей 
606 1 |a Уголь  |x Сжигание в котельных топках  |2 stltpush  |3 (RuTPU)RU\TPU\subj\62510  |9 79584 
610 1 |a парогенераторы 
610 1 |a топочные процессы 
610 1 |a теплообмен 
610 1 |a исследование 
610 1 |a труды учёных ТПУ 
675 |a 621.182.2-66  |v 3 
702 1 |a Лебедев  |b И. К.  |c российский ученый  |c энергетик  |c профессор Томского политехнического института  |f 1911-1995  |g Иван Кириллович  |2 stltpush  |3 (RuTPU)RU\TPU\pers\19832  |4 340 
712 0 2 |a Томский политехнический институт (ТПИ)  |c (1944-1991)  |2 stltpush  |3 (RuTPU)RU\TPU\col\1123 
801 1 |a RU  |b 63413507  |c 20150420 
801 2 |a RU  |b 63413507  |c 20150506  |g RCR 
942 |c BK